Where am I?? #18 - Statistics

General Stats
  • This quiz has been taken 59 times
  • The average score is 5 of 6
Answer Stats
Instructions Answer Hint % Correct
Say 1 to receive your hint! 1 Not a country capital, but a capital.
100%
Say 2 to receive your hint! 2 This feels Mediterranean.
100%
Say 3 to receive your hint! 3 European Mediterranean.
98%
Say 4 to receive your hint! 4 This is the Adriatic Sea for sure.
98%
Say 5 to receive your hint! 5 Hold up, Albania?!
94%
Name the city! Durrës
19%
No matching quizzes found
Score Distribution
Percent of People with Each Score
Percentile by Number Answered
Your Score History
You have not taken this quiz